[Event "AUTO-INT-3924"]
[Site "http://www.queenalice.com/game.php?id=1873790"]
[Date "2026.5.21"]
[Round "2"]
[White "SGF"]
[Black "caradepau"]
[Result "1-0"]
[WhiteElo "1671"]
[BlackElo "1606"]

1. e4 e5 2. Qf3 Bc5 3. d3 d6 4. Be2 h6 5. Qg3 Qf6 6. h4 a6 7. c3 Ne7 8. b4 Ba7
9. a4 Be6 10. b5 axb5 11. Bb2 Ng6 12. Bc1 bxa4 13. Bd1 Nd7 14. Rxa4 Nc5 15. Ra5
Nd7 16. Be3 b6 17. Ra6 Nc5 18. Bxc5 dxc5 19. Na3 O-O 20. Nb5 Nxh4 21. Rxh4 Qd8
22. Rxh6 g6 23. Bh5 c4 24. Bxg6 Kg7 25. Rh7+ Kf6 26. Qh4+ Kxg6 27. Qh6# 1-0

[Event "AUTO-INT-3924"]
[Site "http://www.queenalice.com/game.php?id=1873791"]
[Date "2026.5.21"]
[Round "2"]
[White "caradepau"]
[Black "SGF"]
[Result "0-1"]
[WhiteElo "1646"]
[BlackElo "1646"]

1. e4 e5 2. Bc4 Qf6 3. d3 d6 4. h3 Be7 5. Nf3 h6 6. Nc3 c6 7. a3 Qg6 8. g4 h5 9.
gxh5 Rxh5 10. Be3 Bxh3 11. Qe2 Bg2 12. Rxh5 Qxh5 13. d4 Bxf3 14. O-O-O Bxe2 15.
Bxe2 Qg6 16. dxe5 dxe5 17. f4 exf4 18. Bxf4 Bg5 19. Bxg5 Qxg5+ 20. Kb1 Nd7 21.
Bc4 b5 22. Ba2 a5 23. Rf1 Ne5 24. Rf5 Qg1+ 25. Nd1 Qxd1# 0-1

[Event "AUTO-INT-3924"]
[Site "http://www.queenalice.com/game.php?id=1873792"]
[Date "2026.5.21"]
[Round "2"]
[White "SGF"]
[Black "renet54"]
[Result "0-1"]
[WhiteElo "1703"]
[BlackElo "1485"]

1. e4 e5 2. Qf3 Nc6 3. c3 Nf6 4. d3 Bc5 5. b4 Bb6 6. a4 a6 7. a5 Ba7 8. Qg3 O-O
9. Be2 d6 10. Bh6 Nh5 11. Bxh5 Qf6 12. Nf3 Qxh6 13. Qg5 Qxg5 14. Nxg5 f6 15. Nh3
Bxh3 16. gxh3 f5 17. Rg1 fxe4 18. dxe4 Bxf2+ 19. Ke2 Bxg1 20. Nd2 Bxh2 21. Rh1
Bf4 22. Nf3 Na7 23. Kd3 Nb5 24. h4 Bg3 25. Rh3 Bf4 26. Ng5 Bxg5 27. hxg5 g6 28.
Bg4 Rad8 29. c4 Na3 30. Kc3 b5 31. axb6 cxb6 32. Rh1 Rf4 33. Be6+ Kg7 34. Bd5
Rc8 35. Ra1 Nb5+ 36. Kd3 Nc7 37. b5 axb5 38. cxb5 Nxd5 39. exd5 Rc5 40. Ra7+ Rf7
41. Ra6 Rxd5+ 42. Kc4 Rd4+ 43. Kc3 Rf3+ 44. Kc2 e4 45. Rxb6 Rc4+ 46. Kd2 Rd3+
47. Ke2 Rc2+ 48. Ke1 Kf7 49. Rb7+ Ke6 50. Rxh7 Rb3 51. Rb7 Rb1# 0-1

[Event "AUTO-INT-3924"]
[Site "http://www.queenalice.com/game.php?id=1873793"]
[Date "2026.5.21"]
[Round "2"]
[White "renet54"]
[Black "SGF"]
[Result "1-0"]
[WhiteElo "1473"]
[BlackElo "1712"]

1. d4 d5 2. Nf3 f6 3. e3 Bg4 4. Be2 h5 5. Nc3 a6 6. O-O Bxf3 7. Bxf3 g5 8. Bxd5
c6 9. Bb3 b5 10. Qf3 g4 11. Qf5 Nd7 12. Qg6# 1-0

[Event "AUTO-INT-3970"]
[Site "http://www.queenalice.com/game.php?id=1874024"]
[Date "2026.5.29"]
[Round "1"]
[White "SGF"]
[Black "TammieM3ENF"]
[Result "1-0"]
[WhiteElo "1746"]
[BlackElo "1309"]

1. e4 f6 2. Qf3 g5 3. d3 h5 4. h4 g4 5. Qg3 f5 6. exf5 Nh6 7. Bxh6 Bxh6 8. Qe5
Bc1 9. Qxh8+ Kf7 10. Qxd8 Nc6 11. Qxc7 a5 12. a4 g3 13. Qxg3 e6 14. Qg6+ Ke7 15.
f6+ Kd6 16. f7 b5 17. f8=Q+ Ne7 18. axb5 Rb8 19. Qg3+ Kc5 20. Qxe7+ Kxb5 21.
Qxb8+ Kc6 22. Qed6# 1-0

[Event "AUTO-INT-3970"]
[Site "http://www.queenalice.com/game.php?id=1874025"]
[Date "2026.5.29"]
[Round "1"]
[White "TammieM3ENF"]
[Black "SGF"]
[Result "0-1"]
[WhiteElo "1305"]
[BlackElo "1710"]

1. d4 d5 2. Nc3 e6 3. Nb5 Bd7 4. a4 Bxb5 5. axb5 a5 6. b6 cxb6 7. b4 Bxb4+ 8. c3
Bxc3+ 9. Bd2 Bxa1 10. Qxa1 Ne7 11. e3 O-O 12. f4 Nbc6 13. e4 dxe4 14. g4 Nxd4
15. f5 Nc2+ 16. Ke2 Qd3+ 17. Kf2 Qxd2+ 18. Be2 Qe3+ 19. Kg2 Nxa1 20. h4 Nc2 21.
Rh3 Ne1+ 22. Kh1 Qc1 23. g5 Nxf5 24. Bg4 Ne3 25. Be2 N1g2 26. Rg3 Qe1 27. Kh2 a4
28. h5 a3 29. g6 fxg6 30. hxg6 h6 31. Nh3 Qxe2 32. Kg1 Rf1+ 33. Kh2 Nf4+ 34. Rg2
Qxg2# 0-1

[Event "AUTO-OPEN-4654"]
[Site "http://www.queenalice.com/game.php?id=1874067"]
[Date "2026.5.29"]
[Round "1"]
[White "Fischercat"]
[Black "SGF"]
[Result "1-0"]
[WhiteElo "1941"]
[BlackElo "1749"]

1. e4 e5 2. d3 Qf6 3. Nf3 d6 4. Bg5 Qg6 5. Nc3 c6 6. h3 f6 7. Bd2 h5 8. Nh4 Qf7
9. Qf3 g5 10. Nf5 Bxf5 11. exf5 g4 12. hxg4 hxg4 13. Qxg4 Rxh1 14. O-O-O Rh5 15.
Be2 Rh7 16. Ne4 Qxa2 17. c3 Nd7 18. Qg6+ Qf7 19. Qg3 Rg7 20. Qf3 Qa2 21. d4 exd4
22. cxd4 d5 23. Nc3 Qb3 24. Re1 a5 25. Bc4+ Re7 26. Rxe7+ Bxe7 27. Bxb3 b5 28.
Nxb5 cxb5 29. Qxd5 O-O-O 30. Qa8+ Nb8 31. Be6+ Kc7 32. Bxa5+ Kd6 33. Qd5# 1-0

[Event "AUTO-OPEN-4654"]
[Site "http://www.queenalice.com/game.php?id=1874068"]
[Date "2026.5.29"]
[Round "1"]
[White "SGF"]
[Black "Fischercat"]
[Result "0-1"]
[WhiteElo "1717"]
[BlackElo "1949"]

1. e4 e5 2. Qf3 Nf6 3. d3 d6 4. Be2 Bg4 5. Qg3 Bxe2 6. Nxe2 Nbd7 7. c3 Qe7 8.
Bg5 h6 9. Qh4 Qe6 10. f3 Be7 11. Bxf6 Bxf6 12. Qg3 Nc5 13. f4 Qe7 14. f5 Bh4 15.
f6 Bxg3+ 16. Nxg3 Qxf6 17. Rf1 Qh4 18. Rh1 Nxd3+ 19. Kd2 Nxb2 20. Na3 c6 21. Nf5
Qf2+ 22. Kc1 O-O 23. g3 d5 24. Ne7+ Kh8 25. exd5 cxd5 26. Nc2 Na4 27. Nxd5 Rfd8
28. c4 Rac8 29. Rd1 Rxc4 30. Ne3 Rxd1+ 31. Kxd1 Nb2+ 32. Kc1 Qxe3+ 33. Kxb2 Qc3+
34. Kc1 Qxc2# 0-1

[Event "AUTO-OPEN-4654"]
[Site "http://www.queenalice.com/game.php?id=1874107"]
[Date "2026.5.29"]
[Round "1"]
[White "SGF"]
[Black "game"]
[Result "1-0"]
[WhiteElo "1741"]
[BlackElo "1628"]

1. e4 d6 2. Qf3 Nh6 3. d3 e5 4. Be2 Nc6 5. c3 d5 6. exd5 Na5 7. b4 Ng4 8. bxa5
Bc5 9. Nh3 O-O 10. Qg3 Bxf2+ 11. Nxf2 f5 12. Bxg4 fxg4 13. Nxg4 Qxd5 14. Bh6
gxh6 15. Ne3+ 1-0

[Event "AUTO-OPEN-4654"]
[Site "http://www.queenalice.com/game.php?id=1874108"]
[Date "2026.5.29"]
[Round "1"]
[White "game"]
[Black "SGF"]
[Result "0-1"]
[WhiteElo "1604"]
[BlackElo "1749"]

1. e4 e5 2. Nf3 Qf6 3. Be2 d6 4. Bc4 Be7 5. d4 Qg6 6. Ng5 Bxg5 7. Bd3 Bxc1 8.
Qxc1 Qxg2 9. Rf1 Qxh2 10. d5 Bh3 11. Nc3 Bxf1 12. Kxf1 Qh1+ 13. Ke2 Qxc1 14.
Rxc1 Nd7 15. Nb5 Kd8 16. c4 Ngf6 17. c5 Nxc5 18. b4 Nxd3 19. Kxd3 Ng4 20. Rxc7
a6 21. Rxf7 axb5 22. Rxb7 Nxf2+ 23. Ke3 Nd1+ 24. Kf3 g5 25. Rb6 Kc7 26. Rxb5
Rhf8+ 27. Ke2 Nc3+ 28. Kd3 Nxb5 0-1

[Event "AUTO-ADV-4938"]
[Site "http://www.queenalice.com/game.php?id=1874140"]
[Date "2026.5.30"]
[Round "1"]
[White "Petruzza"]
[Black "SGF"]
[Result "1-0"]
[WhiteElo "1887"]
[BlackElo "1662"]

1. e4 e5 2. Nf3 Qf6 3. Nc3 c6 4. d3 d6 5. Bg5 Qg6 6. Ne2 h6 7. Be3 Be7 8. Ng3
Bg4 9. h3 Bxf3 10. Qxf3 h5 11. O-O-O h4 12. Nf5 Nf6 13. d4 Nbd7 14. d5 c5 15. g4
hxg3 16. fxg3 a6 17. Bd2 b5 18. Ba5 b4 19. Bc7 a5 20. Bb5 Qg5+ 21. Kb1 Ra7 22.
Bxd6 Bxd6 23. Nxd6+ Ke7 24. Nf5+ Kd8 25. h4 Qg6 26. Rhe1 Rb7 27. Bc6 Rb6 28. Nd6
Kc7 29. Nc4 Ra6 30. Bxd7 Ng4 31. Bxg4 Qf6 32. Qd3 g5 33. Rf1 Qg6 34. h5 Qg7 35.
d6+ Kb7 36. Qd5+ Rc6 37. Rxf7+ Qxf7 38. Qxf7+ Ka6 39. d7 Kb5 40. d8=Q Rxd8 41.
Rxd8 Ka4 42. b3+ Kb5 43. Qb7+ Rb6 44. Qxb6# 1-0

[Event "AUTO-ADV-4938"]
[Site "http://www.queenalice.com/game.php?id=1874141"]
[Date "2026.5.30"]
[Round "1"]
[White "SGF"]
[Black "Petruzza"]
[Result "0-1"]
[WhiteElo "1712"]
[BlackElo "1898"]

1. e4 e5 2. Qf3 Nf6 3. d3 Nc6 4. c3 d6 5. Be2 Bg4 6. Qg3 h5 7. h3 Be6 8. Bg5 Be7
9. Bf3 Nd7 10. Bxe7 Qxe7 11. Qxg7 O-O-O 12. Qg3 Rdg8 13. Qh2 f5 14. exf5 Bxf5
15. Bxc6 bxc6 16. Kd2 e4 17. Qf4 Rxg2 18. Qxf5 e3+ 19. Kc2 Rxf2+ 20. Kb3 Rxf5
21. Ne2 Nc5+ 22. Kc2 Rhf8 23. Rh2 Rf2 24. Rxf2 exf2 25. Ng3 Qe3 26. Nf1 Qxd3+
27. Kc1 Qxf1+ 28. Kc2 Qd3+ 29. Kc1 f1=Q# 0-1

[Event "AUTO-ADV-4938"]
[Site "http://www.queenalice.com/game.php?id=1874158"]
[Date "2026.5.30"]
[Round "1"]
[White "SGF"]
[Black "shmurtz91"]
[Result "0-1"]
[WhiteElo "1700"]
[BlackElo "1932"]

1. e4 c5 2. Qf3 e6 3. d3 Nc6 4. c3 d5 5. h4 b5 6. d4 b4 7. Bb5 Bb7 8. Be3 Qb6 9.
exd5 Qxb5 10. a4 Qa6 11. dxc6 Bxc6 12. Qe2 Qb7 13. f3 c4 14. Qxc4 a5 15. b3 Ne7
16. Ne2 Nf5 17. Qd3 Bd6 18. c4 Rd8 19. g4 Ng3 20. Nxg3 Bxg3+ 21. Bf2 Bxf2+ 22.
Kxf2 O-O 23. Nd2 Rd7 24. Ne4 Bxe4 25. fxe4 Rfd8 26. d5 Qb6+ 27. Kg3 Qd6+ 28. Kf3
f5 29. gxf5 Rf8 30. Rhg1 exf5 31. exf5 Rdf7 32. Rg5 h6 33. Rh5 g6 34. Rg1 Rg7
35. Qd4 Rff7 36. Rxg6 Rxg6 37. Ke3 Qg3+ 38. Kd2 Rg4 39. Qb6 Qc3+ 40. Ke2 Re7+
41. Kf2 Qe1+ 42. Kf3 Qg3# 0-1

[Event "AUTO-ADV-4938"]
[Site "http://www.queenalice.com/game.php?id=1874159"]
[Date "2026.5.30"]
[Round "1"]
[White "shmurtz91"]
[Black "SGF"]
[Result "1-0"]
[WhiteElo "1902"]
[BlackElo "1668"]

1. Nf3 f6 2. e4 e5 3. Nxe5 fxe5 4. Qh5+ Ke7 5. Nc3 c6 6. d4 d6 7. dxe5 Kd7 8.
Qf5+ Kc7 9. exd6+ Qxd6 10. Qf7+ Qe7 11. Bf4+ Kd8 12. Qb3 Nf6 13. O-O-O+ Nbd7 14.
Bc4 Nxe4 15. Rhe1 Nc5 16. Qa3 Qh4 17. Ne2 Nd3+ 18. Qxd3 Qxf2 19. Bg5+ Be7 20.
Bxe7+ Kxe7 21. Nf4+ Kd8 22. Ne6+ Ke7 23. Qd6+ Kf6 24. Rf1 Qxf1 25. Rxf1+ Kg6 26.
Qg3+ Kh5 27. Qg5# 1-0

[Event "AUTO-ADV-4938"]
[Site "http://www.queenalice.com/game.php?id=1874160"]
[Date "2026.5.30"]
[Round "1"]
[White "SGF"]
[Black "mvson33"]
[Result "0-1"]
[WhiteElo "1693"]
[BlackElo "1804"]

1. e4 d5 2. Qf3 dxe4 3. Qxe4 Nf6 4. Qf3 e6 5. Bb5+ Nbd7 6. Bxd7+ Qxd7 7. Ne2 Be7
8. d3 O-O 9. h4 Rb8 10. h5 h6 11. Qg3 Kh8 12. Be3 a6 13. a4 b6 14. b4 Bb7 15. c4
Qxd3 16. Bxh6 Qxg3 17. Nxg3 gxh6 18. f3 Rg8 19. Rh3 Rbd8 20. b5 axb5 21. axb5
Rg7 22. Ra7 Rb8 23. Nc3 Rgg8 24. Nce4 Nxe4 25. fxe4 Rg4 26. Ra4 Bd6 27. Ke2 Rxg3
28. Rxg3 Bxg3 29. Kf3 Bd6 30. g4 Ra8 31. Rxa8+ Bxa8 32. Ke3 Be5 33. Kf3 Kg7 34.
Ke3 Kf6 35. Kf3 Kg5 36. Ke3 Kxg4 37. Kd3 Kxh5 38. Ke3 Kg4 39. Kd3 Kf4 40. Ke2
Bxe4 41. Kd2 h5 42. Ke2 h4 43. Kf2 h3 44. Kg1 Ke3 45. Kf1 h2 46. c5 h1=Q# 0-1

[Event "AUTO-ADV-4938"]
[Site "http://www.queenalice.com/game.php?id=1874161"]
[Date "2026.5.30"]
[Round "1"]
[White "mvson33"]
[Black "SGF"]
[Result "1-0"]
[WhiteElo "1816"]
[BlackElo "1678"]

1. e4 e5 2. Nf3 Qf6 3. Bc4 d6 4. d3 Be7 5. O-O Qg6 6. Kh1 h5 7. Nc3 h4 8. h3 c6
9. a3 b5 10. Ba2 a5 11. Bd2 Nf6 12. Nh2 a4 13. f4 Nbd7 14. fxe5 Nxe5 15. Nf3 Bg4
16. hxg4 Qxg4 17. Nh2 Qxd1 18. Raxd1 h3 19. g3 Nfg4 20. Nxg4 Nxg4 21. Bxf7+ Kd7
22. Bg6 Raf8 23. Bf5+ Kc7 24. Bxg4 Rxf1+ 25. Rxf1 h2 26. Rf2 g5 27. Rxh2 Rxh2+
28. Kxh2 Bf6 29. Bf3 Kb6 30. Nd1 c5 31. Nf2 Bxb2 32. Bxg5 c4 33. dxc4 bxc4 34.
Bd8+ Kc5 35. g4 Bxa3 36. Bf6 Kc6 37. g5 Bc5 38. Nd1 Kd7 39. g6 Ke6 40. g7 Kf7
41. Bc3 Kg8 42. e5 dxe5 43. Bxe5 a3 44. Bd5+ Kh7 45. g8=Q+ Kh6 46. Bf4+ Kh5 47.
Qg5# 1-0